01258nam a2200205Ia 4500008004100000041001200041082001600053100001600069245004900085260004200134300000800176650000700184942000700191999001500198952017100213952016900384952016800553952017100721952016000892221030s9999 xx 000 0 und d aEnglish a105.23bGup aJ. B. Gupta 2aA course in Electrical Powercby J. B. Gupta bS. K. Kataria & SonsaNew Delhic1999 a362 aEE cBK c6560d6560 pBE 1765g225.00l0o105.23 Gupr2024-06-13 00:00:00w2022-10-30yBK003Print4070aMIETLIBbMIETLIBcBL-Academic Block C, FL-1, CUP-34, SH-4, R-4d2000-06-0810HBE pBE 1766g225.00l0o105.23 r2024-06-13 00:00:00w2022-10-30yBK003Print4070aMIETLIBbMIETLIBcBL-Academic Block B, FL-1, CUP-131, SH-4, R-4d2000-06-0810HBE pBE 1767g225.00l0o105.23 r2024-06-13 00:00:00w2022-10-30yBK003Print4070aMIETLIBbMIETLIBcBL-Academic Block A, FL-1, CUP-34, SH-4, R-4d2000-06-0810HBE pBE 1768g225.00l0o105.23 Gupr2024-06-13 00:00:00w2022-10-30yBK003Print4070aMIETLIBbMIETLIBcBL-Academic Block A, FL-1, CUP-34, SH-4, R-4d2000-06-0810HBE pBE 1769g225.00l0o105.23 Gupr2024-06-13 00:00:00w2022-10-30yBK003Print4070aMIETLIBbMIETLIBcBL-First, FL-1, CUP-34, SH-3, R-3d2000-06-0810HBE